| 000 | 00603 a2200193 4500 | ||
|---|---|---|---|
| 020 | _a9780596157111 | ||
| 040 |
_aDLC _bDLC |
||
| 082 | 0 | 4 | _a005.74 |
| 100 | _aSegaran,Toby | ||
| 245 | 0 | 0 |
_aBeautiful data: The stories behind elegant data solutions _cToby Segaran and Jeff Hammerbacher. |
| 260 |
_aCanada : _bO'Reilly, _cc2009. |
||
| 300 |
_axv, 364 p., [32] p. of plates : _bill. ; _c24 cm. |
||
| 650 | 0 | _aDatabase design. | |
| 650 | 0 | _aData structures (Computer science) | |
| 650 | 0 | _aDatabases as Topic. | |
| 700 | 1 | _aSegaran, Toby. | |
| 700 | 1 | _aHammerbacher, Jeff. | |
| 942 |
_cBK _k005.74 SEG _2ddc |
||
| 999 |
_c10113 _d10113 |
||